000 00535nam a2200217Ia 4500
003 OSt
005 20220928140655.0
006 a|||||r|||| 00| 0
007 ta
008 220927b |||||||| |||| 00| 0 eng d
024 _a10891
037 _cTextual
040 _aSDCL
_cSDCL
_beng
041 _2eng
_aeng
082 _aB2812, P2
100 _aDavis Jon H
_9496898
245 0 _aFoundations of deterministic control.
260 _c2002
942 _hB2812, P2
_cTEXL
_2CC
999 _c813349
_d813349